000 00974cam a22002894a 4500
999 _c6500
_d6500
001 15054226
003 OSt
005 20200128131638.0
008 071022s2008 cau f 001 0 eng
010 _a 2007939950
020 _a9781412930253 (hb)
020 _a9781412930260 (pb)
040 _aDLC
_cDLC
_dDLC
043 _ae-uk---
082 0 0 _a378.362
_222
_bPOS 2008
245 0 4 _aThe postgraduate's companion /
_cedited by Gerard Hall, Jo Longman.
260 _aLos Angeles :
_bSAGE,
_c2008.
300 _axviii, 500 p. ;
_c25 cm.
500 _aIncludes index.
650 0 _aUniversities and colleges
_zGreat Britain
_xGraduate work
_vHandbooks, manuals, etc.
_913364
650 0 _aGraduate students
_zGreat Britain
_vHandbooks, manuals, etc.
_913365
700 1 _aHall, Gerard.
_913366
700 1 _aLongman, Jo.
_913367
906 _a7
_bcbc
_corignew
_d2
_eepcn
_f20
_gy-gencatlg
942 _2ddc
_cO_SHELF